[Event "Florence op 14th"]
[Site "Florence"]
[Date "2006.12.03"]
[Round "2"]
[White "Moncada, Cesar"]
[Black "Cassai, Mario"]
[Result "0-1"]
[WhiteElo "1849"]
[BlackElo "1853"]
[PlyCount "90"]
[EventDate "2006.12.02"]
[EventType "swiss"]
[EventRounds "6"]
[EventCountry "ITA"]
[SourceTitle "EXT 2024"]
[Source "ChessBase"]
[SourceDate "2023.10.10"]
[SourceVersion "1"]
[SourceVersionDate "2023.10.10"]
[SourceQuality "1"]

1. e4 c5 2. Nf3 Nc6 3. Nc3 g6 4. g3 Bg7 5. Bg2 d6 6. 0-0 e6 7. Ne2 Nge7 8. c3 0-0 9. d4 cxd4 10. Nexd4 d5 11. exd5 Nxd4 12. Nxd4 Nxd5 13. Nf3 Qb6 14. Qc2 Bd7 15. Bg5 Bc6 16. Rad1 h6 17. Bc1 Nf6 18. Be3 Qc7 19. Qc1 Kh7 20. Rd4 Nd5 21. Bxh6 Bxd4 22. Ng5+ Kg8 23. Bxf8 Bxf2+ 24. Rxf2 Rxf8 25. c4 Ne7 26. Qf1 Bxg2 27. Qxg2 Qxc4 28. h4 Qd5 29. Qf1 Nf5 30. Kh2 Qe5 31. Qh3 Qe3 32. Qg2 Nd4 33. Nh3 b5 34. Nf4 Rc8 35. Nh3 Nf5 36. Re2 Qd4 37. Rd2 Qg4 38. Nf2 Qc4 39. Qb7 Rc7 40. Rd8+ Kg7 41. Qa8 Qc2 42. Rg8+ Kf6 43. Qd8+ Re7 44. Kg2 Ne3+ 45. Kh3 Qf5+ 0-1